Guldastah-yi Qurʼān o ḥadīs̲. (Record no. 72678)

MARC details
000 -LEADER
fixed length control field 00648cam a22002291 4500
001 - CONTROL NUMBER
control field sa 67001504
003 - CONTROL NUMBER IDENTIFIER
control field DLC
005 - DATE AND TIME OF LATEST TRANSACTION
control field 20260227112323.0
008 - FIXED-LENGTH DATA ELEMENTS--GENERAL INFORMATION
fixed length control field 890706s1962 ii 000 0 urdr
010 ## - LIBRARY OF CONGRESS CONTROL NUMBER
LC control number sa 67001504
035 ## - SYSTEM CONTROL NUMBER
System control number (OCoLC)19968738
040 ## - CATALOGING SOURCE
Original cataloging agency DLC
Transcribing agency WaU
Modifying agency DLC
041 0# - LANGUAGE CODE
Language code of text/sound track or separate title urdara
042 ## - AUTHENTICATION CODE
Authentication code premarc
050 00 - LIBRARY OF CONGRESS CALL NUMBER
Classification number BP45
Item number .H8
100 1# - MAIN ENTRY--PERSONAL NAME
Personal name Husaini, Qari Syed Kalimullah,
Dates associated with a name 1904-
245 10 - TITLE STATEMENT
Title Guldastah-yi Qurʼān o ḥadīs̲.
260 ## - PUBLICATION, DISTRIBUTION, ETC.
Date of publication, distribution, etc. [1962]
300 ## - PHYSICAL DESCRIPTION
Extent 98 (i.e. 89) p. (p. [86]-89 advertisements)
Dimensions 18 cm.
500 ## - GENERAL NOTE
General note Arabic and Urdu; commentary in Urdu.
650 #0 - SUBJECT ADDED ENTRY--TOPICAL TERM
Topical term or geographic name entry element Islamic religious education
General subdivision Textbooks.

No items available.

Powered by Koha